Polska według zdjęcia - Statystyki

Ogólne statystyki
  • Ten quiz został rozwiązany 389 razy
  • Średni wynik to 11 z 16
Statystyki odpowiedzi
Obrazkowy Hint Odpowiedź % Poprawnych
Jedzenie Pierogi
100%
Rzeka Wisła
99%
Miasto Gdańsk
90%
Jedzenie Bigos
87%
Województwo Łódzkie
87%
Piłkarz Michał Pazdan
78%
Klub piłkarski Pogoń Szczecin
77%
Budowla Pałac Kultury i Nauki
75%
Król Bolesław Chrobry
74%
Aktor Tomasz Karolak
73%
Największe jezioro Śniardwy
71%
Malarz Jan Matejko
67%
Miasto Poznań
66%
Góry Bieszczady
43%
Marka samochodów FSO
30%
Budowla Złota 44
29%
Nie znaleziono quizów pasujących do podanych kryteriów
Rozkład punktacji
Procent ludzi z każdym wynikiem
Percentyl według liczby udzielonych odpowiedzi
Twoja historia wyników
Nie rozwiązałeś tego quizu